| 000 | 00530nam a2200193 a 4500 | ||
|---|---|---|---|
| 001 | 10042 | ||
| 003 | CO-ViMGA | ||
| 008 | 141112s2004 ck r 000 u spa d | ||
| 040 |
_aCO-ViMGA _bspa _cCO-ViMGA |
||
| 082 | 0 | 4 | _aCo863.6 S15ul |
| 100 | 1 |
_aSannin Echeverri ; Jaime, _912587 |
|
| 245 | 1 | 0 |
_aUna Mujer de 4 en conducta : _bo la quebrada de Santa Helena |
| 260 |
_aMedellĂn : _bBedout, _c1982 |
||
| 300 | _a210p. | ||
| 590 | _aEjemplares : 2 | ||
| 650 | 1 | 4 |
_aCOLOMBIANA _912588 |
| 650 | 1 | 4 |
_aNOVELA _949122 |
| 942 |
_2ddc _cBK |
||
| 999 |
_c21418 _d21418 |
||